000 01040nam a22003137a 4500
003 CHAP
005 20220329133357.0
008 971013s1990 es r 00010 spa d
010 _a5660
011 _a6632
020 _a8476154690
035 _a5853
040 _cCHAP
082 _a636.08959
_bH8y 1988
100 0 0 _aHumphreys, D. J.
_956896
245 1 0 _aToxicología veterinaria
_c/por D.J. Humphreys
260 _aMadrid :
_bMcGraw-Hill,
_c1990
300 _a366 p.
500 _aTrad. de: Veterinary toxicology, 3ed. en inglés de 1988
590 _aBATCH-UPD
_b10
_c20130110
_lUCH01
_h0926
590 _aBATCH-UPD
_b10
_c20130410
_lUCH01
_h0547
590 _aBATCH-UPD
_b10
_c20130914
_lUCH01
_h1700
590 _aCONVERSION
_b10
_c20130109
_lUCH01
_h1304
650 1 4 _aToxicología veterinaria.
_9114457
901 _aBK
942 _cLIBRO
949 _a636.08959 H8y 1988
_bBC
_cLIBRO
_d33724000890596
_eLIBRO
_h82201
_i5853
_si
_t93.00
949 _a636.08959 H8y 1988
_bBC
_cLIBRO
_d33724002243405
_eLIBRO
_fc.2
_gDonaciØn
_h115284
_i5853
_sb
999 _c5660
_d5660